Statistics for South American Countries by Westernmost Point on Land

Click here to take the quiz!

General Stats

  • This quiz has been taken 38 times
  • The average score is 12 of 12

Answers on the Map

Answers color-coded by a green-red scale on the quiz's map according to % correct below.
 

Answer Stats

LonCountry% Correct
73°30'WArgentina
100%
69°40'WBolivia
100%
73°59'WBrazil
100%
75°38'WChile
100%
81°44'WColombia
100%
92°01'WEcuador
100%
61°25'WGuyana
100%
62°35'WParaguay
100%
81°19'WPeru
100%
73°20'WVenezuela
100%
58°25'WUruguay
94%
58°05'WSuriname
91%

Score Distribution

Percentile by Number Answered

Percent of People with Each Score

Your Score History

You have not taken this quiz